| 000 | 00000nam 2200000zi 4500 |
| 001 | 9.939774 |
| 003 | CaOODSP |
| 005 | 20241104105140 |
| 006 | m o d f |
| 007 | cr mn||||||||| |
| 008 | 240625t20242024onc ob f000 0 eng d |
| 040 | |aCaOODSP|beng|erda|cCaOODSP |
| 043 | |an-cn--- |
| 086 | 1 |aYM32-3/441-C20-1E-PDF |
| 100 | 1 |aKeenan-Pelletier, Michaela, |eauthor. |
| 245 | 10|aBill C-20 : |bAn Act establishing the Public Complaints and Review Commission and amending certain Acts and statutory instruments / |crevised by Michaela Keenan-Pelletier and Ariel Shapiro. |
| 250 | |a[17 May 2024 edition]. |
| 264 | 1|aOttawa, Canada : |bLibrary of Parliament = Bibliothèque du Parlement, |c2024. |
| 264 | 4|c©2024 |
| 300 | |a1 online resource (ii, 17 pages). |
| 336 | |atext|btxt|2rdacontent |
| 337 | |acomputer|bc|2rdamedia |
| 338 | |aonline resource|bcr|2rdacarrier |
| 490 | 1 |aLegislative summary ; |vno. 44-1-C20-E |
| 500 | |aCover title. |
| 500 | |aIssued also in French under title: Projet de Loi C-20 : Loi établissant la Commission d’examen et de traitement des plaintes du public et modifiant certaines lois et textes réglementaires. |
| 504 | |aIncludes bibliographical references (pages 16-17). |
| 520 | |a"Bill C-20 establishes the independent Public Complaints and Review Commission (the Commission) to review and investigate complaints against employees of the Royal Canadian Mounted Police (RCMP) and the Canada Border Services Agency (CBSA). The Commission replaces the existing Civilian Review and Complaints Commission (CRCC) which reviews complaints against the RCMP. Currently, no oversight authority is responsible for reviewing complaints against the CBSA"--Background, page 1. |
| 610 | 20|aRoyal Canadian Mounted Police|xDiscipline. |
| 610 | 20|aCanada Border Services Agency|xDiscipline. |
| 650 | 0|aPolice|xComplaints against|zCanada. |
| 650 | 0|aPolice|zCanada|xDiscipline. |
| 710 | 1 |aCanada. |bLibrary of Parliament, |eissuing body. |
| 710 | 1 |aCanada. |bParliamentary Information and Research Service, |eissuing body. |
| 775 | 08|tProjet de Loi C-20 : |w(CaOODSP)9.939782 |
| 795 | |tBill C-20 : |bPreliminary version unedited|w(CaOODSP)9.916062 |
| 830 | #0|aLegislative summary (Canada. Parliamentary Information and Research Service)|vno. 44-1-C20-E.|w(CaOODSP)9.504770 |
| 856 | 40|qPDF|s953 KB|uhttps://publications.gc.ca/collections/collection_2024/bdp-lop/ls/YM32-3-441-C20-1-eng.pdf |
| 856 | 4 |qHTML|sN/A|uhttps://lop.parl.ca/sites/PublicWebsite/default/en_CA/ResearchPublications/LegislativeSummaries/441C20E |